ESSENTIALS OF ORAL PATHOLOGY (Record no. 4631)

MARC details
000 -LEADER
fixed length control field 00378nam a2200145Ia 4500
008 - FIXED-LENGTH DATA ELEMENTS--GENERAL INFORMATION
fixed length control field 150201s2011 xx 000 0 und d
082 ## - DEWEY DECIMAL CLASSIFICATION NUMBER
Classification number 616.0707
Item number E2011P
100 ## - MAIN ENTRY--PERSONAL NAME
Personal name PURKAIT, SWAPAN KUMAR
245 ## - TITLE STATEMENT
Title ESSENTIALS OF ORAL PATHOLOGY
250 ## - EDITION STATEMENT
Edition statement 3RD
260 ## - PUBLICATION, DISTRIBUTION, ETC. (IMPRINT)
Name of publisher, distributor, etc. JAYPEE MEDICAL PUBLISHER
Place of publication, distribution, etc. DELHI
Date of publication, distribution, etc. 2011
300 ## - PHYSICAL DESCRIPTION
Extent 1-624
650 ## - SUBJECT ADDED ENTRY--TOPICAL TERM
Topical term or geographic name as entry element ORAL PATHOLOGY
942 ## - ADDED ENTRY ELEMENTS (KOHA)
Source of classification or shelving scheme Dewey Decimal Classification
Koha item type Books
Koha issues (borrowed), all copies 165
Holdings
Withdrawn status Lost status Source of classification or shelving scheme Damaged status Not for loan Home library Current library Date acquired Source of acquisition Cost, normal purchase price Serial Enumeration / chronology SGTU Bill Number Total Checkouts Full call number Barcode Date last seen Date last checked out Bill Date Koha item type Total Renewals
    Dewey Decimal Classification     SGT Dental Library SGT Dental Library 05/11/2011 JAYPEE BROTHERS (DELHI) 525.00 1 SGTU 6811 54 616.0707 E2011P FD6407 13/05/2026 13/05/2026 27/04/2013 Books  
    Dewey Decimal Classification     SGT Dental Library SGT Dental Library 05/11/2011 U.B.S.DELHI 525.00 1 SGTU 1023 72 617.0707 E2011P FD6461 01/05/2026 01/05/2026 05/06/2013 Books  
    Dewey Decimal Classification     SGT Dental Library SGT Dental Library 05/11/2011 U.B.S.DELHI 525.00 1 SGTU 1023 42 617.0707 E2011P FD6462 28/05/2026 14/05/2026 05/06/2013 Books  
    Dewey Decimal Classification     SGT Dental Library SGT Dental Library 05/11/2011 U.B.S.DELHI 525.00 1 SGTU 1023 48 617.0707 E2011P FD6463 27/05/2026 08/05/2026 05/06/2013 Books 1
    Dewey Decimal Classification     SGT Dental Library SGT Dental Library 05/11/2011 U.B.S.DELHI 525.00 1 SGTU 1023 25 617.0707 E2011P FD6464 21/05/2026 20/05/2026 05/06/2013 Books 1
    Dewey Decimal Classification     SGT Dental Library SGT Dental Library 05/11/2011 U.B.S.DELHI 525.00 1 SGTU 1023 38 617.0707 E2011P FD6465 12/05/2026 12/05/2026 05/06/2013 Books  
    Dewey Decimal Classification     SGT Dental Library SGT Dental Library 05/11/2011 U.B.S.DELHI 525.00 1 SGTU 1023 46 617.0707 E2011P FD6466 15/05/2026 29/04/2026 05/06/2013 Books 1